[Event "Berlin Spring op-B"]
[Site "Berlin"]
[Date "2014.05.02"]
[Round "4"]
[White "Schubert, Edgar"]
[Black "Joehn, Janis"]
[Result "1/2-1/2"]
[WhiteElo "1753"]
[BlackElo "1547"]
[PlyCount "65"]
[EventDate "2014.05.01"]
[EventType "swiss"]
[EventRounds "7"]
[EventCountry "GER"]
[SourceTitle "CBM 160 Extra"]
[Source "ChessBase"]
[SourceDate "2014.07.01"]
[SourceVersion "1"]
[SourceVersionDate "2014.07.01"]
[SourceQuality "1"]

1. e4 c5 2. Nc3 a6 3. a4 b6 4. Nf3 e6 5. Be2 d6 6. 0-0 Nd7 7. d4 cxd4 8. Qxd4 Qc7 9. Be3 Ngf6 10. Ng5 h6 11. Nh3 g5 12. Qd2 Nc5 13. Rfd1 e5 14. Bxc5 Qxc5 15. Nxg5 hxg5 16. Qxg5 Be7 17. Qd2 Bb7 18. Bd3 Kd7 19. h3 Rag8 20. Nd5 Nxd5 21. exd5 Rg5 22. c4 Kd8 23. b4 Qd4 24. Qc2 Qh4 25. Bf5 Qh5 26. Bg4 Rxg4 27. Rd3 Rd4 28. c5 Qg6 29. cxb6 Qxd3 30. Qc7+ Ke8 31. Qxb7 Bd8 32. Qc6+ Ke7 33. b7 1/2-1/2

[Event "Rostock op"]
[Site "Rostock"]
[Date "2008.08.31"]
[Round "7"]
[White "Kirchner, Holger"]
[Black "Joehn, Janis"]
[Result "0-1"]
[WhiteElo "1141"]
[BlackElo "1514"]
[PlyCount "88"]
[EventDate "2008.08.28"]
[EventType "swiss"]
[EventRounds "7"]
[EventCountry "GER"]
[SourceTitle "CBM 126 Extra"]
[Source "ChessBase"]
[SourceDate "2008.11.05"]
[SourceVersion "1"]
[SourceVersionDate "2008.11.05"]
[SourceQuality "1"]

1. Nc3 c5 2. Nf3 e6 3. e4 a6 4. d4 cxd4 5. Nxd4 d6 6. Nf3 Qc7 7. Be2 Nf6 8. 0-0 Be7 9. h3 Nbd7 10. Bg5 b5 11. Bd3 Bb7 12. Qe2 0-0 13. a3 Nc5 14. Rfe1 Rfd8 15. e5 dxe5 16. Nxe5 Nxd3 17. cxd3 Nd5 18. Bxe7 Qxe7 19. Nxd5 Rxd5 20. Nf3 Rad8 21. Rad1 Qd6 22. Ne5 Rd4 23. f3 f6 24. Ng4 e5 25. Nxe5 Qxe5 26. Qxe5 fxe5 27. Re3 Kf7 28. Kf2 Kf6 29. Ke2 b4 30. axb4 Rxb4 31. Rd2 Rc8 32. Kf2 a5 33. Rde2 Rb5 34. d4 Re8 35. dxe5+ Rexe5 36. f4 Rxe3 37. Kxe3 Bd5 38. g4 a4 39. Kd4 Bb3 40. g5+ Kf5 41. Re5+ Rxe5 42. fxe5 Kxg5 43. Ke4 Kh4 44. Kf4 Be6 0-1

[Event "Rostock op"]
[Site "Rostock"]
[Date "2008.08.29"]
[Round "3"]
[White "Vladov, Mark"]
[Black "Joehn, Janis"]
[Result "1-0"]
[WhiteElo "1708"]
[BlackElo "1514"]
[PlyCount "29"]
[EventDate "2008.08.28"]
[EventType "swiss"]
[EventRounds "7"]
[EventCountry "GER"]
[SourceTitle "CBM 126 Extra"]
[Source "ChessBase"]
[SourceDate "2008.11.05"]
[SourceVersion "1"]
[SourceVersionDate "2008.11.05"]
[SourceQuality "1"]

1. c4 Nf6 2. g3 g6 3. Bg2 Bg7 4. Nf3 0-0 5. 0-0 d6 6. Nc3 c5 7. d4 cxd4 8. Nxd4 a6 9. h3 Qc7 10. Qb3 Nbd7 11. Na4 Rb8 12. Be3 b6 13. Nc6 Nc5 14. Nxc5 dxc5 15. Bf4 1-0